| 000 | 00523nam a22001577a 4500 | ||
|---|---|---|---|
| 008 | 090421t xxu||||| |||| 00| 0 eng d | ||
| 020 | _a9781420044553 | ||
| 082 |
_222 _a621.433 _bRAZ |
||
| 100 |
_93976 _aRazak, A. M. Y. |
||
| 245 |
_a Industrial gas turbines : _b performance and operability / _c A.M.Y. Razak. |
||
| 260 |
_aCambridge : _bWoodhead, _c2007 |
||
| 300 |
_axxii, 602 p. : _b ill. ; _c24 cm. |
||
| 504 | _a Includes bibliographical references and index | ||
| 650 |
_93977 _aGas-turbines |
||
| 942 |
_2ddc _cARCH |
||
| 999 |
_c11364 _d11364 |
||